000 00266nam a22001217a 4500
041 _aENG
100 _aReese ,C
245 _aAccident / Incident Prevention Techniques
260 _aNew Your
_bCRS Press
_c2012
300 _a594
650 _aFMP
856 _uFMP ( 04 )
999 _c1455
_d1455